00503nam a2200193 a 4500001001300000003000900013005001700022008004100039020001000080082001500090100002500105245003100130260003500161300000900196500003500205505002300240650002100263700002500284nice12345678IN_TiNIC20260116012151.0050524s1932 lona grp 000 0 eng  ac10000a181.4bHAR aHarrison, Max Hunter aHindu Monism and Pluralism aLondonbHumphery Milfordc1932 a324p aincludes index and biblioraphy2 aShort Bobliography aPhilosophy-Hindu1 aHarrison, Max Hunter